1142 1382 1858 1011 1943 1084 1082 1980 1634 1338 1875 1443 1485 1457 1950 1398 1358 1274 1891 1865 1446 1194 1111 1811 1048 1054 1755 1521 1146 1788 1776 1188 1966 1349 1748 1689 1162 1722 1057 1019 1681 1029 1572 1676 1528 1814 1649 1437 1463 1471 2000 1406 1043 1436 1661 1208 1530 1778 1788 1820 1917 1620 1635 1180 1844 1310 1811 1005 1844 1957 1898 1846 1401 1530 1077 1505 1985 1560 1183 1718 1392 1870 1743 1057 1318 1090 1177 1644 1561 1768 1525 1633 1398 1127 1934 1608 1873 1528 1353 BCNSPRNW ULIB Ver.6.0+V

เปลี่ยนเป็นภาษาไทย

Change to English
 แสดงรายละเอียดบรรณานุกรม
  กลับหน้าหลัก

Brief Record : Get Marc (ISO 2709) : E-mail record : QR code < ปิดหน้าต่าง
LEADER : 00000nam 2200000uu 4500
001    13399123444
003     ULIB
008    020711s2556 th a 000 0 tha d
020    9786163355379
060  4 WG140^bว711ก
100    วิโรจน์ ไววานนิชกิจ
245    การตรวจวินิจฉัยและจัดการผลการตรวจคลื่นไฟฟ้าหัวใจเบื้องต้น สำหรับพยาบาล แพทย์ และบุคลากรณ์ทางการแพทย์/^cวิโรจน์ ไววานนิชกิจ
250    พิมพ์ครั้งที่ 1
260    กรุงเทพฯ :^bโรงพิมพ์แห่งจุฬาลงกรณ์มหาวิทยาลัย,^c2556
300    108 หน้า;^b21 ซม.
650    คลื่นไฟฟ้าหัวใจ
650    กล้ามเนื้อหัวใจขาดเลือด^xการแปลผล
650    กล้ามเนื้อหัวใจตาย^xการแปลผล
650    หัวใจเต้นผิดจังหวะ^xการแปลผล
650    หัวใจโต^xการแปลผล
945    ^p340^l0^i20653
945    ^p340^l0^i20654
945    ^p340^l0^i20655
999    ^aทศพร เกษรทอง
รายการนี้ยังไม่มีแท็ก
คุณยังไม่ได้ล็อกอิน คุณสามารถมีกิจกรรมร่วมกับเว็บไซต์ได้ แต่ต้องล็อกอินก่อน ::
  ล็อกอิน

รายการสื่อสารสนเทศ

ลำดับที่ ประเภท เลขเรียก/บาร์โค้ด สถานที่ สถานะ
1. วิทยาศาสตร์การแพทย์ และสุขภาพ
หนังสือสำรอง
สถานะ=หนังสือสำรอง
WG140 ว711ก ฉ.1 
  Barcode: 20653
ห้องสมุดวิทยาเขตนครสวรรค์
►หนังสือทั่วไป:l:General Books
บนชั้น
2. วิทยาศาสตร์การแพทย์ และสุขภาพ
วิทยาศาสตร์การแพทย์ และสุขภาพ
WG140 ว711ก ฉ.2 
  Barcode: 20654
ห้องสมุดวิทยาเขตนครสวรรค์
►หนังสือทั่วไป:l:General Books
บนชั้น
3. วิทยาศาสตร์การแพทย์ และสุขภาพ
วิทยาศาสตร์การแพทย์ และสุขภาพ
WG140 ว711ก ฉ.3 
  Barcode: 20655
ห้องสมุดวิทยาเขตนครสวรรค์
►หนังสือทั่วไป:l:General Books
บนชั้น

รายการใกล้เคียง
    ผู้แต่ง [วิโรจน์ ไววานนิชกิจ]

    หัวเรื่อง [คลื่นไฟฟ้าหัวใจ]

BibComment


ยังไม่เคยถูกคอมเมนท์

คอมเมนท์ทรัพยากรรายการนี้
  คอมเมนท์: การตรวจวินิจฉัยแล..


 Copyright 2026. Bcnsprnw @Library